La formación continua en las universidades: política e instrumentos
Đã lưu trong:
| Những tác giả chính: | , |
|---|---|
| Định dạng: | Sách |
| Ngôn ngữ: | Tiếng Tây Ban Nha |
| Được phát hành: |
Madrid
Civitas
2001
|
| Phiên bản: | 1a. ed |
| Loạt: | Biblioteca Civitas Economía y Empresa. Colección Economía
|
| Những chủ đề: | |
| Các nhãn: |
Thêm thẻ
Không có thẻ, Là người đầu tiên thẻ bản ghi này!
|
MARC
| LEADER | 00000cam a2200000 a 4500 | ||
|---|---|---|---|
| 001 | UCL8502 | ||
| 003 | CL-VaPUC | ||
| 008 | 040625e20010000SP |||||||||||||||||spa|d | ||
| 020 | |a 8447017087 | ||
| 082 | 0 | 4 | |a 378.001 |b PAL |2 21 |
| 100 | |a Palomar, Armando J. |e autor |9 486387 | ||
| 700 | 0 | |a Parellada, Martí |e author |9 486388 | |
| 245 | 1 | 3 | |a La formación continua en las universidades: política e instrumentos |
| 250 | |a 1a. ed | ||
| 300 | |a 162 p | ||
| 942 | |c BK | ||
| 945 | |d 20040625 00:00:00 |a cmena | ||
| 260 | |a Madrid |b Civitas |c 2001 | ||
| 650 | 0 | |a Universidades |9 256317 | |
| 650 | 0 | |a Educación superior |9 223851 | |
| 650 | 0 | |a Filosofía de la educación |9 258384 | |
| 650 | 7 | |a FORMACION CONTINUA |2 CL-VaPUC |9 464060 | |
| 650 | 0 | |a Gestión educacional |9 261035 | |
| 583 | |a last modification |c 20120601 10:22:24 |k Rodrigo Vera | ||
| 490 | 0 | |a Biblioteca Civitas Economía y Empresa. Colección Economía | |
| 999 | |c 309747 |d 309745 | ||
| 952 | |0 0 |1 0 |4 0 |6 378_001000000000000_PAL_2001 |7 0 |8 A |9 377483 |a BIBEDU |b BIBEDU |d 2019-11-21 |i 4031660 |o 378.001 PAL 2001 |p 4031660 |r 2019-11-21 |w 2019-11-21 |y BK |k BME | ||
| 952 | |0 0 |1 0 |4 0 |6 378_001000000000000_PAL_2001 |7 0 |8 ED_SUP |9 377484 |a BIBGIM |b BIBGIM |c S_PSTGRDO |d 2019-11-21 |i 4852850 |o 378.001 PAL 2001 |p 4852850 |r 2025-01-15 |w 2019-11-21 |y BK |k ESU | ||